2e déclinaison masculin Latin. - Statistiques

Statistiques générales
  • Ce quiz a été pris 830 fois
  • Le résultat moyen est 11 sur 12
Statistiques - réponses
Cas Radical Terminaison % Correct
Nominatif singulier Domin... -us
98%
Génitif singulier Domin... -i
94%
Accusatif singulier Domin... -um
94%
Vocatif singulier Domin... -e
93%
Nominatif pluriel Domin... -i
92%
Vocatif pluriel Domin... -i
92%
Ablatif singulier Domin... -o
92%
Datif singulier Domin... -o
91%
Datif pluriel Domin... -is
89%
Ablatif pluriel Domin... -is
89%
Génitif pluriel Domin... -orum
88%
Accusatif pluriel Domin... -os
88%
Aucun quiz correspondant
Distribution des résultats
% des personnes avec chaque résultat
Percentile par nombre de réponses
Votre historique - résultats
Vous n’avez pas pris ce quiz